Tous les pays mentionnés dans Squid Game s1 - Statistiques

Statistiques générales
  • Ce quiz a été pris 180 fois
  • Le résultat moyen est 5 sur 7
Statistiques - réponses
Nombre approximatif de mentions Pays % Correct
10+ fois Corée du Sud
98%
2 à 3 fois Corée du Nord
90%
1 à 2 fois États-Unis
89%
1 fois Chine
88%
1 fois Pakistan
57%
1 fois Philippines
23%
1 fois Indonesie
22%
Aucun quiz correspondant
Distribution des résultats
% des personnes avec chaque résultat
Percentile par nombre de réponses
Votre historique - résultats
Vous n’avez pas pris ce quiz